00623cam a2200205 a 450000100100000000500170001000800410002702000150006804000230008308200190010610000300012524500530015526000370020830000210024549000260026665000210029265000330031365000430034683000280038900000512320200929151603.0790124s1977 sp 000 p spa d a843220322X aDO-SdBNPcDLCdDLC aCh861.4bN454t1 aNeruda, Pablo,d1904-197310aTercera residencia :b1935-1945 /cPablo Neruda. aBarcelona :bSeix Barral,c1977. a103 p. ;c20 cm.1 aBiblioteca brevev403 4aPoesía chilena 4aLiteratura chilenaySIGLO XX 4aLiteratura latinoaméricanaySIGLO XX 0aBiblioteca breve ;v403